000 00586nmc a2200229 a 4500
003 AR-BaBNM
005 20251128202748.0
008 177019s1980 ||||||||||||||000 | spa||
040 _cAR-BaBNM
100 1 _aPrado, Manuel
245 1 0 _aLa guerra del malón
260 _aBuenos Aires
_bEudeba
_c1980
300 0 _a141 p.
_bil., láms.
490 0 _aSiglo y medio
_vv. 14
650 4 _aCONQUISTA DEL DESIERTO
650 4 _aHISTORIA POLITICA
650 4 _aHISTORIA MILITAR
650 4 _aHISTORIA SOCIAL
650 4 _aHISTORIA DE LAS COSTUMBRES
942 _cBK
998 _cmariana
999 _c451
_d451